000 00534nam a2200169 i 4500
001 62376
003 ES-MaACL
005 20230906164645.0
007 t|
008 031120s1960 sp ||||1| spa d
100 1 _aFellermeier, Jakob.
_949221
245 1 0 _aCompendio de sociología católica /
_cJakob Fellermeier ; [versión española por Luis A. Martín Merino].
260 _aBarcelona :
_bHerder,
_c1960.
300 _a287 p. ;
_c19 cm.
700 0 _aMartín Merino, Luis Adolfo.
_977570
852 _aES-MaACL
_jC-19168
_bR.46679
999 _c62376
_d62376